Joueurs ayant inscrit des triplés avec le XV de France. (2010 - …) - Statistiques

Statistiques générales
  • Ce quiz a été pris 323 fois
    239 depuis la dernière actualisation
  • Le résultat moyen est 3 sur 5
Statistiques - réponses
Année Adversaire Joueur % Correct
2023 Namibie Damian Penaud
99%
2021 Italie Gabin Villière
73%
2011 Canada Vincent Clerc
70%
2014 Fidji Teddy Thomas
62%
2016 Samoa Virimi Vakatawa
32%
Aucun quiz correspondant
Distribution des résultats
% des personnes avec chaque résultat
Percentile par nombre de réponses
Votre historique - résultats
Vous n’avez pas pris ce quiz depuis la dernière actualisation